000 00689nam a2200205 4500
001 VA24828
003 ES-SlBCS
005 20210601154941.0
008 140520s1967 xxu||||| |||| 00| 0 spa d
041 _aspa
100 1 _aRedden, John D.
_9354590
245 1 0 _aPedagogía General y Filosofía de la Educación
_cJohn D. Redden; Francis A. Ryan, Álvarez Villar, María Ángeles Galino Carrillo
260 _aMadrid :
_bMorata
_c, 1967
300 _a520 p.;
_c21 cm
650 _aPedagogía General-Filosofía de la Educación
_9375711
700 1 0 _aGalino Carrillo, María Ángeles
_9229359
700 1 0 _aRyan, Francis A.
_9354591
700 1 0 _aVillar, Álvarez
_9375712
942 _cBK
999 _c811258
_d811258